| 000 | 01362nam a22002657a 4500 | ||
|---|---|---|---|
| 001 | 6324 | ||
| 003 | FISKH | ||
| 005 | 20250422101117.0 | ||
| 008 | 250422b cb ||||| |||| 00| 0 eng d | ||
| 020 | _a9780340803301 | ||
| 040 |
_aFISKH _beng _cFISKH _dFISKH |
||
| 050 | _aE77.4 W | ||
| 082 | _a970.00497 | ||
| 100 | _aWhittock, Martyn | ||
| 245 |
_aThe native peoples of North America / _cBy Martyn Whittock |
||
| 250 | _aFirst published 2002 | ||
| 260 |
_aLondon : _bHodder Education , _c2002. |
||
| 300 |
_a46 pages : _bcolor illustrations, maps ; _c28 cm . |
||
| 505 | _aX | ||
| 520 | _aThis title is an essential and unique Key Stage 3 resource for teaching and learning about the factors that characterise the history and rich cultural diversity of different North American tribes. It never lets go of the period's story, providing innovative and exciting opportunities to examine the Big Picture and Investigate particular topics. Did you know that in 1800 there were about 50 million buffalo in North America, but that by 1900 there were only about 1,000 (almost all had been killed by European hunters); that the only survivor of 'Custer's Last Stand' was a horse called Commanche; or that the last Shoshone raids took place in 1915? | ||
| 521 | 8 |
_a890
_bLexile |
|
| 521 | 8 |
_aX
_bRaz-Plus |
|
| 942 |
_2ddc _cBK _n0 |
||
| 999 |
_c6324 _d6324 |
||